| 000 | 00000nam##2200000za#4500 |
| 001 | 9.602409 |
| 003 | CaOODSP |
| 005 | 20240212134142 |
| 007 | cr ||||||||||| |
| 008 | 150406|1987||||xxc|||||o f|0| 0 fre|d |
| 040 | |aCaOODSP|bfre |
| 043 | |an-cn--- |
| 086 | 1 |aNE22-1/1987-13F-PDF |
| 110 | 1 |aCanada. |bOffice national de l'énergie. |
| 245 | 10|aMotifs de décision relativement à Foothills Pipe Lines (Yukon) Ltd. : |h[ressource électronique]|bdemande datée du 15 juin 1987 visant à faire approuver l'établissement du service interruptible |
| 246 | 1 |iTitre de renvoi : |aFoothills Pipe Lines (Yukon) Ltd. |
| 260 | |aOttawa - Ontario : |bOffice national de l'énergie |cDécembre 1987. |
| 300 | |a46p.|bglossaire |
| 490 | 1 |aMotifs de décision|vRH-5-87 |
| 500 | |aLe nº de catalogue (NE22-1/1987-13F) et l'ISBN (0-662-94704-5) de l'édition imprimée ont été incorrectement copiés dans cette édition électronique. |
| 590 | |a12-04-Supp|b2012-02-20 |
| 775 | 08|tReasons for decision in the matter of Foothills Pipe Lines (Yukon) Ltd. : |w(CaOODSP)9.571970 |
| 830 | #0|aMotifs de décision (Canada. Office national de l'énergie)|vRH-5-87|w(CaOODSP)9.500899 |
| 856 | 40|ahttp://publications.gc.ca|qPDF|s115 Ko|uhttps://publications.gc.ca/collections/collection_2011/one-neb/NE22-1-1987-13-fra.pdf|yRH-5-87 |